01413cam a22003377a 4500003000500000005001700005008004100022010001000063011001000073035001000083040000900093082001700102100003700119245005100156260003600207300002000243590004100263590004100304590004100345590004200386650002900428901000700457942001000464949006400474949008400538949005400622999001700676952013400693952013400827952011400961CHAP20220329134334.0971013s1954 mx r 00010 esp d a19004 a19976 a24063 cCHAP a633.15bD53m00aDíaz del Pino, Alfonso.93344713aEl maíz :bcultivo, fertilización, cosecha aMéxico, D.F. :bTrucco,c1954 a232 p.b: ilus. aBATCH-UPDb10c20130110lUCH01h2049 aBATCH-UPDb10c20130410lUCH01h1402 aBATCH-UPDb10c20130914lUCH01h1217 aCONVERSIONb10c20130109lUCH01h131214aMaízzMéxico.971098 aBK cLIBRO a633.15 D53mbBCcLIBROd-55653eLIBROfc.2h14553i24063si a633.15 D53mbBCcLIBROd-55654eLIBROfc.3h51717i24063mD. por Ing. Acostasi a633.15 D53mbBCcMUTd-55652eMUTh4536i24063si c19004d19004 00102ddc4052708GRALaBCbBCcPP_GRALd2019-12-31fLIBROl0o633.15 D53mp-55653r2019-12-31 00:00:00tc.2w2019-12-31yLIBRO 00102ddc4052708GRALaBCbBCcPP_GRALd2019-12-31fLIBROl0o633.15 D53mp-55654r2019-12-31 00:00:00tc.3w2019-12-31yLIBRO 00104153708MUTaBCbBCd2019-12-31fLIBROl0o633.15 D53mp-55652r2019-12-31 00:00:00w2019-12-31yLIBRO